Historia de Grecia / (Record no. 53284)

MARC details
000 -LEADER
campo de control de longitud fija 00767nam a2200217 i 4500
001 - NÚMERO DE CONTROL
campo de control 53284
003 - IDENTIFICADOR DE NÚMERO DE CONTROL
campo de control ES-MaACL
005 - FECHA Y HORA DE LA ÚLTIMA TRANSACCIÓN
campo de control 20250814215640.0
007 - CAMPO FIJO DE DESCRIPCIÓN FÍSICA--INFORMACIÓN GENERAL
campo de control de longitud fija t|
008 - DATOS DE LONGITUD FIJA--INFORMACIÓN GENERAL
campo de control de longitud fija 950912s1859 sp |||| | spa d
100 1# - ENTRADA PRINCIPAL--NOMBRE DE PERSONA
Nombre de persona Duruy, Victor.
9 (RLIN) 46334
245 10 - MENCIÓN DEL TÍTULO
Título Historia de Grecia /
Mención de responsabilidad, etc. por Víctor Duruy ; traducida de la segunda edición francesa por Roberto Robert.
260 ## - PUBLICACIÓN, DISTRIBUCIÓN, ETC.
Lugar de publicación, distribución, etc. Barcelona :
Nombre del editor, distribuidor, etc. Librería del Plus Ultra,
Fecha de publicación, distribución, etc. 1859 (
Fabricante Luis Tasso)
300 ## - DESCRIPCIÓN FÍSICA
Extensión 2 v. ;
Dimensiones 20 cm.
530 ## - NOTA DISPONIBLE DE FORMULARIO FÍSICO ADICIONAL
Nota de formato físico adicional disponible Disponible en formato digital.
651 #4 - PUNTO DE ACCESO ADICIONAL DE MATERIA--NOMBRE GEOGRÁFICO
Nombre geográfico Grecia-
Subdivisión general Historia.
9 (RLIN) 8777
700 1# - ENTRADA AGREGADA--NOMBRE PERSONAL
Nombre de persona Robert, Roberto,
Fechas asociadas al nombre 1827-1873
9 (RLIN) 97814
852 ## - LOCALIZACIÓN
Ubicación ES-MaACL
Número de control de estantería D-1214-15
856 ## - LOCALIZACIÓN Y ACCESO ELECTRÓNICOS
Identificador Uniforme de Recursos <a href="http://bdh-rd.bne.es/viewer.vm?id=0000146583&page=1 ">http://bdh-rd.bne.es/viewer.vm?id=0000146583&page=1 </a>
Nota pública Biblioteca Digital Hispánica
Holdings
Estatus retirado Estado de pérdida Estado de daño No para préstamo Colección Biblioteca de origen Biblioteca actual Ubicación en estantería Fecha de adquisición Fuente de adquisición Total de préstamos Signatura topográfica completa Código de barras Visto por última vez Precio de reemplazo Tipo de ítem Koha
        Colección digital Biblioteca del Ateneo de Madrid Biblioteca del Ateneo de Madrid Sala Valle Inclán 17/01/2008     D-1214-15 901055988 23/02/2023 23/02/2023 Libro impreso antiguo